El pequeño Larousse ilustrado (Record no. 29020)

MARC details
000 -LEADER
campo de control de longitud fija 00469nam a22001937a 4500
001 - NÚMERO DE CONTROL
campo de control 00028967
008 - DATOS DE LONGITUD FIJA--INFORMACIÓN GENERAL
campo de control de longitud fija 260430b ag ||||| |||| 00| 0 spa d
020 ## - NÚMERO INTERNACIONAL ESTÁNDAR DEL LIBRO
Número Internacional Estándar del Libro 9786072103733
040 ## - FUENTE DE CATALOGACIÓN
Lengua de catalogación Español; Castellano
Centro/agencia transcriptor AR-CcCEOS
080 ## - NÚMERO DE LA CLASIFICACIÓN DECIMAL UNIVERSAL
Número de la Clasificación Decimal Universal R030
090 ## - LOCALMENTE ASIGNADO TIPO-LC NÚMERO DE CLASIFICACIÓN (OCLC); NÚMERO DE CLASIFICACIÓN LOCAL (RLIN)
Número cutter local (OCLC) ; Número de libro/Signatura topográfica íntegra, CALL (RLIN) LAR
245 ## - MENCIÓN DEL TÍTULO
Título El pequeño Larousse ilustrado
250 ## - MENCION DE EDICION
Mención de edición 17ª ed.
260 ## - PUBLICACIÓN, DISTRIBUCIÓN, ETC.
Lugar de publicación, distribución, etc. México :
Nombre del editor, distribuidor, etc. Larousse,
Fecha de publicación, distribución, etc. 2012.
300 ## - DESCRIPCIÓN FÍSICA
Extensión 1824 p. ;
Dimensiones 24x16 cm.
650 #0 - PUNTO DE ACCESO ADICIONAL DE MATERIA--TÉRMINO DE MATERIA
Término de materia o nombre geográfico como elemento de entrada diccionario
942 ## - ELEMENTOS DE ENTRADA SECUNDARIOS (KOHA)
Fuente de la clasificación o esquema de estantería Clasificación decimal universal
Tipo de ítem Koha Libros
945 ## -
-- 66467
-- Melina Rolando
-- 66467
-- Melina Rolando
Holdings
Estatus retirado Estado de pérdida Fuente de la clasificación o esquema de estantería Estado de daño No para préstamo Colección Biblioteca de origen Biblioteca actual Fecha de adquisición Fuente de adquisición Número de inventario Total de préstamos Signatura topográfica completa Código de barras Visto por última vez Precio de reemplazo Tipo de ítem Koha
    Clasificación decimal universal     SER Biblioteca Julio Serebrinsky Biblioteca Julio Serebrinsky 30/04/2026 Donación 46626   R030 46626 30/04/2026 30/04/2026 Libros